The hidden history of the Sino-Indian frontier / (Record no. 22285)

MARC details
000 -LEADER
fixed length control field 00919nam a2200277 i 4500
001 - CONTROL NUMBER
control field 4105757
003 - CONTROL NUMBER IDENTIFIER
control field BDDh-ASL
005 - DATE AND TIME OF LATEST TRANSACTION
control field 20231015030118.0
008 - FIXED-LENGTH DATA ELEMENTS--GENERAL INFORMATION
fixed length control field 750527s1974 ii b 001 0 eng
010 ## - LIBRARY OF CONGRESS CONTROL NUMBER
LC control number 74903923
020 ## - INTERNATIONAL STANDARD BOOK NUMBER
Terms of availability Rs30.00
040 ## - CATALOGING SOURCE
Original cataloging agency DLC
Transcribing agency DLC
Modifying agency DLC
-- BDDh-ASL
043 ## - GEOGRAPHIC AREA CODE
Geographic area code a-cc---
-- a-ii---
050 00 - LIBRARY OF CONGRESS CALL NUMBER
Classification number DS450.C5
Item number G86
082 00 - DEWEY DECIMAL CLASSIFICATION NUMBER
Classification number 327.5405
Item number KAH
100 1# - MAIN ENTRY--PERSONAL NAME
Personal name Gupta, Karunakar.
245 14 - TITLE STATEMENT
Title The hidden history of the Sino-Indian frontier /
Statement of responsibility, etc. Karunakar Gupta.
260 ## - PUBLICATION, DISTRIBUTION, ETC.
Place of publication, distribution, etc. Calcutta :
Name of publisher, distributor, etc. Minerva Associates (Publications),
Date of publication, distribution, etc. 1974.
300 ## - PHYSICAL DESCRIPTION
Extent xiii, 176 p. :
Other physical details map. ;
Dimensions 23 cm.
500 ## - GENERAL NOTE
General note Appendices (p. [163]-173): Maxwell, N. India's China war. -- Woodman, D. Himalayan frontier.
500 ## - GENERAL NOTE
General note Includes index.
651 #0 - SUBJECT ADDED ENTRY--GEOGRAPHIC NAME
Geographic name India
General subdivision Foreign relations
Geographic subdivision China.
651 #0 - SUBJECT ADDED ENTRY--GEOGRAPHIC NAME
Geographic name China
General subdivision Foreign relations
Geographic subdivision India.
906 ## - LOCAL DATA ELEMENT F, LDF (RLIN)
a 7
b cbc
c orignew
d 4
e ncip
f 19
g y-gencatlg
942 ## - ADDED ENTRY ELEMENTS (KOHA)
Source of classification or shelving scheme Dewey Decimal Classification
Koha item type Books
Holdings
Withdrawn status Lost status Source of classification or shelving scheme Damaged status Not for loan Collection code Home library Current library Shelving location Date acquired Source of acquisition Total Checkouts Full call number Barcode Date last seen Copy number Price effective from Koha item type Public note
    Dewey Decimal Classification     Non-fiction Asiatic Society Library Asiatic Society Library General Stacks 02/24/2021 ASB Library Collections   327.5405 KAH 106486 02/24/2021 C-1 02/24/2021 Books RARE

Powered by Koha